[Event "WCh w Blitz Final"]
[Site "Moscow RUS"]
[Date "2010.09.18"]
[Round "19"]
[White "Muzychuk,A"]
[Black "Sebag,M"]
[Result "1/2-1/2"]
[WhiteElo "2535"]
[BlackElo "2499"]
[EventDate "2010.09.17"]

1. e4 c5 2. d3 Nc6 3. g3 d5 4. Bg2 dxe4 5. dxe4 Qxd1+ 6. Kxd1 Bg4+ 7. f3
O-O-O+ 8. Nd2 Bh5 9. Ne2 e6 10. c3 f5 11. Kc2 Nf6 12. Nf4 Bf7 13. exf5 exf5
14. h4 Nd5 15. Nf1 Bd6 16. Nxd5 Bxd5 17. Bg5 Rde8 18. Ne3 Be6 19. Bh3 f4
20. Nf5 Bxf5+ 21. Bxf5+ Kc7 22. Bxf4 Bxf4 23. gxf4 Re2+ 24. Kb3 Na5+ 25.
Ka4 Nc4 26. b3 b5+ 27. Kxb5 Nd6+ 28. Kxc5 Nxf5 29. h5 Rhe8 30. Rhg1 R8e6
31. Rg5 Rc6+ 32. Kb4 Rf6 33. Rd1 Rxa2 34. Rd5 g6 35. hxg6 hxg6 36. Ra5 Rf2
37. Rxa7+ Kb6 38. Ra8 Rxf3 39. c4 Rxf4 40. Rg8 Ne7 41. Rg7 Re4 42. Rh7 Nc6+
43. Ka3 Re1 44. Rh6 Ra1+ 45. Kb2 Raf1 46. Rhxg6 R6f2+ 47. Kc3 Rf3+ 48. Kc2
R1f2+ 49. Kd1 Rxb3 50. Ke1 Ra2 51. Rb5+ Rxb5 52. cxb5 Kxb5 53. Rf6 Kc5 54.
Rf5+ Kc4 55. Rf2 Ra1+ 56. Ke2 Nd4+ 57. Ke3 Re1+ 58. Kf4 Kd5 59. Rd2 Rf1+
60. Ke3 Re1+ 61. Kd3 Rh1 62. Ke3 Rh3+ 63. Kf4 Kc4 64. Rd1 Kc3 65. Ke4 Ne2
66. Rd8 Rh4+ 67. Ke5 Nd4 68. Rc8+ Kd3 69. Rd8 Rh5+ 70. Kf6 Ke4 71. Re8+ Kf4
72. Rd8 Rh6+ 73. Kf7 Nf5 74. Ra8 Nd6+ 75. Ke7 Kg5 76. Ra5+ Nf5+ 77. Kd7
Rd6+ 78. Kc7 Rd4 79. Kc6 Kf6 80. Ra1 Ke5 81. Re1+ Kf4 82. Kc5 Rd2 83. Re8
Rc2+ 84. Kd5 Ne3+ 85. Kd6 Rd2+ 86. Kc6 Nc4 87. Kc5 Ne5 88. Ra8 Nd7+ 89. Kc6
Ke5 90. Re8+ Kf6 91. Re3 Ne5+ 92. Kc5 Rc2+ 93. Kd5 Rd2+ 94. Kc5 Ke6 95. Re1
Rd5+ 96. Kb4 Kd6 97. Kc3 Kc5 98. Re3 Nc6 99. Rh3 Nd4 100. Rh8 Nb5+ 101. Kc2
Kc4 102. Rc8+ Kb4 103. Rb8 Rd4 104. Rb7 Kc4 105. Rb8 Rh4 106. Rc8+ Kb4 107.
Kd3 Rh3+ 108. Ke2 Nd4+ 109. Kf2 Rf3+ 110. Kg2 Rd3 111. Kf2 Ne6 112. Re8 Nc5
113. Re3 Rd2+ 114. Kf3 Kc4 1/2-1/2

[Event "WCh w Blitz Final"]
[Site "Moscow RUS"]
[Date "2010.09.18"]
[Round "19"]
[White "Skripchenko,A"]
[Black "Muzychuk,M"]
[Result "1/2-1/2"]
[WhiteElo "2464"]
[BlackElo "2464"]
[EventDate "2010.09.17"]

1. e4 c5 2. Nf3 e6 3. d3 Nc6 4. c3 d5 5. Qe2 Nf6 6. g3 Be7 7. Bg2 O-O 8.
O-O Re8 9. e5 Nd7 10. h4 f6 11. exf6 Bxf6 12. Ng5 Nde5 13. Nd2 h6 14. Nh3
Nf7 15. Nf4 Qd6 16. Nb3 Bd7 17. Nh5 Be7 18. d4 cxd4 19. cxd4 e5 20. dxe5
Ncxe5 21. Nf4 Bc6 22. Rd1 Rad8 23. Be3 Nc4 24. Bc5 Qe5 25. Qxe5 Nfxe5 26.
Bxe7 Rxe7 27. Bxd5+ Bxd5 28. Rxd5 Rxd5 29. Nxd5 Rd7 30. Nf4 Nxb2 31. Rc1
Nbc4 32. Kg2 1/2-1/2

[Event "WCh w Blitz Final"]
[Site "Moscow RUS"]
[Date "2010.09.18"]
[Round "19"]
[White "Krush,I"]
[Black "Lahno,Kateri"]
[Result "0-1"]
[WhiteElo "2490"]
[BlackElo "2539"]
[EventDate "2010.09.17"]

1. d4 Nf6 2. c4 g6 3. Nc3 Bg7 4. e4 d6 5. Nf3 O-O 6. Be2 e5 7. O-O c6 8. d5
Na6 9. Be3 Ng4 10. Bg5 f6 11. Bh4 c5 12. a3 Bd7 13. Rb1 Nh6 14. b4 b6 15.
Nd2 g5 16. Bg3 f5 17. exf5 Nxf5 18. Bg4 Nd4 19. Bxd7 Qxd7 20. Nde4 g4 21.
bxc5 bxc5 22. Ne2 Rab8 23. N2c3 h5 24. Nb5 Nxb5 25. cxb5 Nc7 26. a4 Qe7 27.
f3 h4 28. Be1 gxf3 29. gxf3 Qf7 30. Kh1 Nxd5 31. Nxd6 Qe6 32. Nc4 Nf4 33.
Qc2 Rbd8 34. Bf2 Rd3 35. Bxh4 Rd4 36. Ne3 Nd3 37. Bg3 c4 38. a5 Rc8 39. b6
axb6 40. axb6 Qc6 41. Nf5 Rd7 42. Nxg7 Rxg7 43. Qe2 Rb8 44. Qe4 Qxe4 45.
fxe4 Rgb7 46. Rf5 Rxb6 47. Rxb6 Rxb6 48. Bxe5 Rb3 49. Bd4 c3 50. Rf1 c2 51.
Be3 Rb1 52. Kg2 Rd1 53. Bg5 Kg7 54. h4 Kg6 55. Rg1 Kh5 56. Rf1 Kg4 57. Rg1
Rxg1+ 58. Kxg1 Nf4 0-1

[Event "WCh w Blitz Final"]
[Site "Moscow RUS"]
[Date "2010.09.18"]
[Round "20"]
[White "Kosintseva,N"]
[Black "Koneru,H"]
[Result "0-1"]
[WhiteElo "2565"]
[BlackElo "2593"]
[EventDate "2010.09.17"]

1. e4 c5 2. Nf3 e6 3. d4 cxd4 4. Nxd4 a6 5. Bd3 Bc5 6. Nb3 Be7 7. Qg4 g6 8.
Qe2 d6 9. O-O Nd7 10. Nc3 Qc7 11. Bd2 b6 12. Rae1 Bb7 13. f4 b5 14. f5 b4
15. Nd1 gxf5 16. exf5 e5 17. c4 Ngf6 18. Nf2 Rg8 19. Ne4 a5 20. Bc1 Rc8 21.
Nbd2 Nc5 22. b3 Nxd3 23. Qxd3 Rg4 24. Nxf6+ Bxf6 25. Ne4 Ke7 26. h3 Rg7 27.
g4 h5 28. Bh6 Rgg8 29. Qf3 Bxe4 30. Rxe4 hxg4 31. hxg4 Qc5+ 32. Kg2 Rh8 33.
g5 Rcg8 34. Rg4 Ke8 35. Rh1 Be7 36. f6 Bf8 37. Qf5 0-1

[Event "WCh w Blitz Final"]
[Site "Moscow RUS"]
[Date "2010.09.18"]
[Round "20"]
[White "Kosintseva,T"]
[Black "Stefanova,A"]
[Result "1-0"]
[WhiteElo "2573"]
[BlackElo "2551"]
[EventDate "2010.09.17"]

1. e4 c6 2. d4 d5 3. e5 c5 4. dxc5 Nc6 5. Nf3 Bg4 6. c3 e6 7. b4 a6 8. Nbd2
Nxe5 9. Be2 Nxf3+ 10. Nxf3 Bf5 11. O-O Nf6 12. Qa4+ Qd7 13. Qb3 Qc7 14. Nd4
Bg6 15. Qa4+ Nd7 16. c4 dxc4 17. Bxc4 Be7 18. Be3 O-O 19. Nxe6 Nb6 20. Nxc7
Nxa4 21. Nxa8 Rxa8 22. Rad1 Nb2 23. Rd7 Bf6 24. Bd5 Be5 25. Bxb7 Rf8 26.
Bd5 Nd3 27. a3 a5 28. bxa5 Bf5 29. Rb7 Bc8 30. Re7 Bf6 31. Ra7 Be5 32. a6
g6 33. Ra8 1-0

[Event "WCh w Blitz Final"]
[Site "Moscow RUS"]
[Date "2010.09.18"]
[Round "20"]
[White "Gunina,V"]
[Black "Krush,I"]
[Result "1-0"]
[WhiteElo "2465"]
[BlackElo "2490"]
[EventDate "2010.09.17"]

1. d4 c6 2. c4 b5 3. cxb5 cxb5 4. Nf3 Bb7 5. e3 a6 6. Be2 Nf6 7. O-O e6 8.
Nbd2 Be7 9. Nb3 O-O 10. Bd2 Nc6 11. a4 b4 12. a5 Ne4 13. Be1 d5 14. Bd3 f5
15. Nfd2 Bd6 16. g3 Qe7 17. Qe2 Rfc8 18. f3 Nf6 19. Bf2 Nb8 20. Rfc1 Nbd7
21. Rxc8+ Bxc8 22. Rc1 Bb7 23. Rc2 Qd8 24. Qf1 Rc8 25. Rxc8 Qxc8 26. Qb1
Qc7 27. Nf1 Qc8 28. Be1 g6 29. Bd2 e5 30. Qe1 e4 31. fxe4 dxe4 32. Be2 Nd5
33. Qd1 Qc7 34. g4 f4 35. exf4 Bxf4 36. Qe1 e3 37. Bc1 N7f6 38. Bf3 Qe7 39.
Nc5 Bc8 40. Qe2 Kg7 41. h4 h5 42. g5 Ng4 43. Bxd5 Bd6 44. Bf3 Bc7 45. Nxe3
1-0

[Event "WCh w Blitz Final"]
[Site "Moscow RUS"]
[Date "2010.09.18"]
[Round "20"]
[White "Sebag,M"]
[Black "Gaponenko,I"]
[Result "1-0"]
[WhiteElo "2499"]
[BlackElo "2469"]
[EventDate "2010.09.17"]

1. e4 c5 2. c3 Nf6 3. e5 Nd5 4. d4 cxd4 5. Nf3 d6 6. cxd4 Nc6 7. Bc4 e6 8.
O-O Be7 9. Qe2 O-O 10. Nc3 Nxc3 11. bxc3 dxe5 12. dxe5 b6 13. Bd3 Qc7 14.
Bf4 Bb7 15. h4 Rfd8 16. h5 Rd7 17. Bc2 Rad8 18. Ng5 Bxg5 19. Bxg5 Rc8 20.
Qe4 g6 21. hxg6 fxg6 22. Qg4 Nxe5 23. Qxe6+ Nf7 24. Bb3 Rd6 25. Qh3 Qd7 26.
Qh4 Bd5 27. c4 Be6 28. Be3 a5 29. a3 a4 30. Ba2 Rd3 31. Bxb6 Rxa3 32. Qf6
Rd3 33. c5 Bxa2 34. Rxa2 a3 35. Ba5 Rxc5 36. Bb4 Rc6 37. Qf4 Ra6 38. Qb8+
Qd8 39. Qb5 Ra8 40. Re1 Rd1 41. Qe2 Rxe1+ 42. Qxe1 Qd3 43. Bc3 Rc8 44. Rxa3
h5 45. Bb2 Qd6 46. Rc3 Rd8 47. Re3 Kh7 48. Re7 Qf4 49. g3 Qf3 50. Re3 Qf5
51. Qc3 Rd1+ 52. Kg2 Qd5+ 53. Rf3 Ne5 54. Qxe5 Qxe5 55. Bxe5 g5 56. Rf7+
Kg6 57. Rf6+ Kh7 58. Ra6 Re1 59. Bf6 g4 60. Bg5 Re5 61. Bf4 Rd5 62. Rb6 Ra5
63. Kf1 Rd5 64. Ke2 Ra5 65. Be3 Rd5 66. Ke1 Ra5 67. Rc6 Rb5 68. Kd2 Rb2+
69. Kd3 Rb5 70. Ke4 Kg7 71. Re6 Rb8 72. Re5 Rh8 73. Kf5 h4 74. gxh4 Rxh4
75. Kg5 Rh1 76. Kxg4 Kf7 77. Kf4 Kf6 78. Rf5+ Ke6 79. Ra5 Kf6 80. Ra6+ Kf7
81. Ke4 Rh4+ 82. f4 Rh1 83. Bd4 Rh5 84. f5 Rh1 85. Ra7+ Kf8 86. Ke5 Rh4 87.
f6 Kg8 88. f7+ Kg7 89. Kd5+ 1-0

[Event "WCh w Blitz Final"]
[Site "Moscow RUS"]
[Date "2010.09.18"]
[Round "21"]
[White "Gaponenko,I"]
[Black "Muzychuk,M"]
[Result "1-0"]
[WhiteElo "2469"]
[BlackElo "2464"]
[EventDate "2010.09.17"]

1. e4 c5 2. Nf3 e6 3. d4 cxd4 4. Nxd4 Nf6 5. Nc3 Nc6 6. Ndb5 Bc5 7. Bf4 O-O
8. Bc7 Qe7 9. Bd6 Bxd6 10. Qxd6 Qd8 11. Nc7 Rb8 12. Be2 b5 13. e5 b4 14.
exf6 bxc3 15. fxg7 Kxg7 16. Qg3+ Kh8 17. Qxc3+ e5 18. Nd5 Nd4 19. Rd1 Qh4
20. Qc7 Qe4 21. Nc3 Qxg2 22. Qxe5+ f6 23. Qxb8 Qxh1+ 24. Kd2 Qc6 25. Rg1
Nxe2 26. Nxe2 Re8 27. Nc3 Qe6 28. Qg3 Qf7 29. Re1 Rxe1 30. Kxe1 Qe7+ 31.
Kd2 Qe5 32. Qxe5 fxe5 33. Ke3 Kg7 34. Ke4 Kf6 35. Kd5 Kf5 36. Kd6 Kf4 37.
Nd5+ Kf3 38. Kxe5 Kxf2 39. Nf6 Kg2 40. h4 Kg3 41. Nxh7 Kxh4 42. Nf6 Kg3 43.
Kd6 Kf4 44. Nxd7 Ke3 45. c4 Kd4 46. b3 Kc3 47. c5 Kb2 48. b4 Kxa2 49. b5
Kb3 50. b6 axb6 51. cxb6 Kb4 52. Kc7 Ba6 53. Nb8 Bf1 54. b7 Bg2 55. Na6+
Ka5 56. b8=Q 1-0

[Event "WCh w Blitz Final"]
[Site "Moscow RUS"]
[Date "2010.09.18"]
[Round "21"]
[White "Muzychuk,A"]
[Black "Lahno,Kateri"]
[Result "0-1"]
[WhiteElo "2535"]
[BlackElo "2539"]
[EventDate "2010.09.17"]

1. e4 e6 2. d4 d5 3. Nc3 Bb4 4. e5 c5 5. a3 Bxc3+ 6. bxc3 Qc7 7. Qg4 Ne7 8.
Qxg7 Rg8 9. Qxh7 cxd4 10. Ne2 dxc3 11. f4 Nbc6 12. Qd3 d4 13. Nxd4 Nxd4 14.
Qxd4 Bd7 15. Rb1 Nf5 16. Qf2 Bc6 17. Rg1 Qd7 18. Bd3 Qd5 19. Rb3 O-O-O 20.
Rxc3 Kb8 21. Qc5 Rxg2 22. Qxd5 Rxg1+ 23. Kf2 Rdg8 24. Qd8+ Rxd8 25. Kxg1
Rg8+ 26. Kf1 Nh4 27. Be2 Rg2 28. Rh3 Nf5 29. c3 Be4 30. Rh7 a6 31. a4 Rg8
32. Rxf7 Rh8 33. Kg1 Rg8+ 34. Kf1 Rh8 35. Ba3 Rxh2 36. Bd6+ Kc8 37. a5 Ng3+
38. Kg1 Rg2+ 0-1

[Event "WCh w Blitz Final"]
[Site "Moscow RUS"]
[Date "2010.09.18"]
[Round "21"]
[White "Skripchenko,A"]
[Black "Gunina,V"]
[Result "1-0"]
[WhiteElo "2464"]
[BlackElo "2465"]
[EventDate "2010.09.17"]

1. e4 c6 2. d3 d5 3. Nd2 e6 4. g3 Nf6 5. Bg2 Be7 6. Ngf3 O-O 7. O-O b5 8.
e5 Nfd7 9. Re1 c5 10. Nf1 Bb7 11. h4 Nc6 12. Bf4 b4 13. N1h2 Rc8 14. c3 Qa5
15. c4 dxc4 16. dxc4 Rfd8 17. Qc1 Nf8 18. Ng4 Qa6 19. b3 Ng6 20. Bg5 Nd4
21. Nxd4 Rxd4 22. Bxe7 Bxg2 23. Nh6+ gxh6 24. Bf6 Nf4 25. gxf4 Qb7 26. Kh2
Qf3 27. Re3 Qxf4+ 28. Rg3+ Kf8 29. Qxf4 Rxf4 30. Kxg2 1-0

[Event "WCh w Blitz Final"]
[Site "Moscow RUS"]
[Date "2010.09.18"]
[Round "21"]
[White "Krush,I"]
[Black "Zhukova,N"]
[Result "1-0"]
[WhiteElo "2490"]
[BlackElo "2499"]
[EventDate "2010.09.17"]

1. d4 d5 2. c4 e6 3. Nc3 c5 4. cxd5 exd5 5. Nf3 Nc6 6. g3 c4 7. Bg2 Bb4 8.
O-O Nge7 9. e4 dxe4 10. Nxe4 O-O 11. a3 Ba5 12. Ne5 Qxd4 13. Qxd4 Nxd4 14.
Nxc4 Bc7 15. Ned6 Rb8 16. Bg5 Nef5 17. Nxc8 Rfxc8 18. Rad1 h6 19. Be3 Nxe3
20. fxe3 Ne6 21. Rd7 Bf4 22. exf4 Rxc4 23. Rxb7 Rxb7 24. Bxb7 Rc2 25. Rf2
Rc1+ 26. Kg2 Nc5 27. Bd5 Rd1 28. Bc4 Rd4 29. b3 a5 30. Rc2 Nd7 31. Kf3 g5
32. Ke3 Rd1 33. Rd2 Re1+ 34. Kd4 gxf4 35. gxf4 Nf6 36. Rg2+ Kf8 37. Kc5 Re4
38. Kb5 Rxf4 39. Kxa5 Nd7 40. Kb5 Ne5 41. a4 Rf5 42. Kb6 Nd7+ 43. Kc7 Nc5
44. a5 Rf6 45. Ra2 Rf3 46. a6 Nxa6+ 47. Rxa6 f5 48. Rxh6 f4 49. b4 Rc3 50.
Rc6 f3 51. b5 Ke7 52. Bf1 Re3 53. b6 Re1 54. Bh3 f2 55. b7 1-0

[Event "WCh w Blitz Final"]
[Site "Moscow RUS"]
[Date "2010.09.18"]
[Round "21"]
[White "Paikidze,N"]
[Black "Kosintseva,T"]
[Result "0-1"]
[WhiteElo "2376"]
[BlackElo "2573"]
[EventDate "2010.09.17"]

1. e4 c5 2. Nf3 Nc6 3. d4 cxd4 4. Nxd4 e5 5. Nb5 d6 6. N1c3 a6 7. Na3 b5 8.
Nd5 Nge7 9. c4 Nxd5 10. cxd5 Nd4 11. Bd3 g6 12. O-O Bg7 13. Nc2 O-O 14.
Nxd4 exd4 15. a4 Bd7 16. Bd2 bxa4 17. f4 f5 18. exf5 gxf5 19. Rf3 Rf7 20.
Rh3 Qf6 21. b3 Bb5 22. Bxb5 axb5 23. bxa4 d3 24. Ra2 Qd4+ 25. Be3 Qxd5 26.
Rd2 Rxa4 27. Rxd3 Qe4 28. Rxd6 Ra1 29. Rd8+ Rf8 30. Rxf8+ Kxf8 31. Bc1 Qd4+
0-1

[Event "WCh w Blitz Final"]
[Site "Moscow RUS"]
[Date "2010.09.18"]
[Round "21"]
[White "Stefanova,A"]
[Black "Koneru,H"]
[Result "1-0"]
[WhiteElo "2551"]
[BlackElo "2593"]
[EventDate "2010.09.17"]

1. Nf3 Nf6 2. g3 d5 3. Bg2 c6 4. O-O Bg4 5. d3 Nbd7 6. Qe1 e5 7. e4 dxe4 8.
dxe4 Bc5 9. Nbd2 O-O 10. h3 Bh5 11. a3 a5 12. b3 Qc7 13. Bb2 Rfe8 14. Nh4
Nf8 15. Nc4 N6d7 16. b4 axb4 17. axb4 Rxa1 18. Bxa1 Ba7 19. Nf5 f6 20. Qc3
Rd8 21. Ncd6 Nb6 22. Nb5 Qb8 23. Nxa7 Qxa7 24. Qb3+ Kh8 25. g4 Bg6 26. Ne7
Nfd7 27. Rd1 Qb8 28. Nxg6+ hxg6 29. Qd3 Re8 30. c4 Nf8 31. c5 Nc8 32. Bf1
Ne7 33. Qd2 g5 34. Bc4 Neg6 35. Bf7 Re7 36. Bxg6 Nxg6 37. Qd8+ Qxd8 38.
Rxd8+ Kh7 39. Bc3 Nf4 40. Kh2 Kg6 41. Bd2 Ne6 42. Rd6 Kf7 43. Kg3 Nd4 44.
Be3 Nb5 45. Rd8 Re8 46. Rd7+ Re7 47. Rd8 Ke6 48. h4 gxh4+ 49. Kxh4 g6 50.
Rg8 Kf7 51. Rd8 Nc7 52. g5 f5 53. exf5 gxf5 54. Kh5 Ne6 55. g6+ Kg7 56.
Bh6+ Kf6 57. Rb8 Ng7+ 58. Bxg7+ Kxg7 59. Kg5 f4 60. Rd8 f3 61. Kf5 e4 62.
Rd1 e3 63. fxe3 Rxe3 64. Rd7+ Kg8 65. Kg4 f2 66. Rf7 Re4+ 67. Kg5 Rxb4 68.
Rxf2 Rc4 69. Rf5 Rc1 70. Kf6 Re1 71. Rh5 Rf1+ 72. Ke6 Kg7 73. Rh7+ Kxg6 74.
Rxb7 Rc1 75. Kd6 Kf6 76. Rb2 Rd1+ 77. Kxc6 Ke7 78. Kc7 Re1 79. Rd2 Re3 80.
c6 Re1 81. Kc8 Rc1 82. c7 Rb1 83. Re2+ Kd6 84. Kd8 1-0

[Event "WCh w Blitz Final"]
[Site "Moscow RUS"]
[Date "2010.09.18"]
[Round "22"]
[White "Kosintseva,N"]
[Black "Stefanova,A"]
[Result "1-0"]
[WhiteElo "2565"]
[BlackElo "2551"]
[EventDate "2010.09.17"]

1. e4 e5 2. Nf3 Nc6 3. Bb5 Nf6 4. d3 Bc5 5. Bxc6 dxc6 6. O-O Nd7 7. Be3 Bd6
8. Nbd2 O-O 9. Nc4 c5 10. c3 Re8 11. a3 Bf8 12. h3 f6 13. b4 Kh8 14. Re1 b6
15. Qb3 Bb7 16. Rad1 Qe7 17. Bc1 Qf7 18. Qc2 Nb8 19. Ne3 Nc6 20. Nd5 Bc8
21. c4 Be6 22. b5 Nd4 23. Nxd4 cxd4 24. f4 Bd6 25. Rf1 Bxd5 26. cxd5 a6 27.
a4 axb5 28. axb5 Ra5 29. fxe5 Bxe5 30. Qc6 Ra2 31. Rd2 Ra1 32. Rdf2 Rea8
33. Bf4 Qe7 34. Bxe5 Qxe5 35. Qd7 h6 36. Qg4 R8a3 37. Qf3 Rxf1+ 38. Rxf1
Ra2 39. Rc1 Qd6 40. Qf5 Kg8 41. Qc8+ Kh7 42. Qf5+ Kh8 43. Qc8+ Kh7 44. Qxc7
Qb4 45. Qc8 Qd2 46. Qf5+ Kg8 47. Rc8+ Kf7 48. Rc7+ Kg8 49. Rc8+ Kf7 50.
Qd7+ Kg6 51. Qg4+ Qg5 52. Qxg5+ Kxg5 53. d6 Ra7 54. Rc7 Ra8 55. Rc6 Rb8 56.
Kf2 Kf4 57. g3+ Ke5 58. Kf3 Ke6 59. Kf4 g5+ 60. Kg4 Kd7 61. Kf5 Ra8 62.
Rxb6 Ra3 63. e5 fxe5 64. Kxe5 Rxd3 65. Rb7+ Kd8 66. b6 Rxg3 67. Rh7 Rb3 68.
b7 d3 69. Ke6 1-0

[Event "WCh w Blitz Final"]
[Site "Moscow RUS"]
[Date "2010.09.18"]
[Round "22"]
[White "Zhukova,N"]
[Black "Skripchenko,A"]
[Result "1/2-1/2"]
[WhiteElo "2499"]
[BlackElo "2464"]
[EventDate "2010.09.17"]

1. d4 d5 2. c4 dxc4 3. e3 e5 4. Bxc4 exd4 5. exd4 Nf6 6. Nf3 Bd6 7. O-O O-O
8. h3 Nc6 9. Nc3 Bf5 10. Bg5 Be7 11. Re1 Na5 12. Bd3 Be6 13. Qe2 Nc6 14.
Rad1 Nb4 15. Bc4 Bxc4 16. Qxc4 Nbd5 17. Re5 c6 1/2-1/2

[Event "WCh w Blitz Final"]
[Site "Moscow RUS"]
[Date "2010.09.18"]
[Round "22"]
[White "Gunina,V"]
[Black "Muzychuk,A"]
[Result "0-1"]
[WhiteElo "2465"]
[BlackElo "2535"]
[EventDate "2010.09.17"]

1. d4 f5 2. g3 Nf6 3. Bg2 g6 4. Nf3 Bg7 5. O-O O-O 6. c4 d6 7. Nc3 e6 8.
Re1 Nc6 9. Qb3 Ne4 10. Be3 Nxc3 11. bxc3 Kh8 12. Bg5 Bf6 13. Bh6 Bg7 14.
Bxg7+ Kxg7 15. e4 fxe4 16. Rxe4 Qf6 17. Rae1 Nd8 18. Rf4 Qe7 19. Rxf8 Qxf8
20. Qb5 a6 21. Qg5 Qf6 22. Qe3 Bd7 23. Ng5 Rb8 24. c5 h6 25. Ne4 Qe7 26.
cxd6 cxd6 27. c4 Nf7 28. Qc3 Rc8 29. Qb2 b5 30. c5 d5 31. Nd2 Qf6 32. Nf3
g5 33. h3 a5 34. a3 Bc6 35. Qd2 Ra8 36. Nh2 h5 37. Nf3 a4 38. h4 gxh4 39.
Nxh4 e5 40. dxe5 Nxe5 41. Qe2 Re8 42. Qxh5 b4 43. Nf5+ Kg8 44. Nh6+ Kg7 45.
Nf5+ Kg8 46. Kf1 bxa3 47. f4 Nf7 48. Qg4+ Kf8 49. Ne3 a2 50. Qd1 Rxe3 0-1

[Event "WCh w Blitz Final"]
[Site "Moscow RUS"]
[Date "2010.09.18"]
[Round "22"]
[White "Lahno,Kateri"]
[Black "Gaponenko,I"]
[Result "1/2-1/2"]
[WhiteElo "2539"]
[BlackElo "2469"]
[EventDate "2010.09.17"]

1. d4 d5 2. c4 c6 3. cxd5 cxd5 4. Nf3 Nc6 5. Nc3 Nf6 6. Bf4 e6 7. Ne5 Qb6
8. Nxc6 bxc6 9. Rb1 c5 10. dxc5 Bxc5 11. e3 O-O 12. Bd3 d4 13. exd4 Bxd4
14. O-O Bb7 15. Be2 Rfd8 16. Qa4 Rac8 17. Qb5 1/2-1/2

[Event "WCh w Blitz Final"]
[Site "Moscow RUS"]
[Date "2010.09.18"]
[Round "22"]
[White "Sebag,M"]
[Black "Nebolsina,V"]
[Result "0-1"]
[WhiteElo "2499"]
[BlackElo "2360"]
[EventDate "2010.09.17"]

1. e4 e5 2. Nf3 Nf6 3. Nxe5 d6 4. Nf3 Nxe4 5. d4 d5 6. Bd3 Be7 7. O-O Nc6
8. Nc3 Nxc3 9. bxc3 Bg4 10. Re1 O-O 11. Bf4 Qd7 12. h3 Bh5 13. Ne5 Nxe5 14.
Bxh7+ Kxh7 15. Qxh5+ Kg8 16. Bxe5 Rfe8 17. Re3 Bf8 18. Rg3 Re6 19. Qg4 Rae8
20. Kh2 Qc6 21. Qf4 f6 22. Bxc7 Re4 23. Qf5 Qxc7 24. Qxd5+ Qf7 25. Qxf7+
Kxf7 26. Rf3 Bd6+ 27. g3 Re2 28. Rb1 b6 29. c4 Rxc2 30. c5 Bc7 31. cxb6
Bxb6 32. Kg2 Ree2 33. Rb4 Rxa2 34. d5 Rxf2+ 0-1

[Event "WCh w Blitz Final"]
[Site "Moscow RUS"]
[Date "2010.09.18"]
[Round "23"]
[White "Sebag,M"]
[Black "Kosintseva,N"]
[Result "1-0"]
[WhiteElo "2499"]
[BlackElo "2565"]
[EventDate "2010.09.17"]

1. e4 e5 2. Nf3 Nc6 3. Bb5 a6 4. Ba4 Nf6 5. O-O Bc5 6. c3 b5 7. Bb3 d6 8.
d4 Bb6 9. a4 Bg4 10. Bg5 Rb8 11. axb5 axb5 12. Qd3 Bxf3 13. Qxf3 exd4 14.
Nd2 O-O 15. Qg3 dxc3 16. bxc3 Ne5 17. Kh1 Ng6 18. f4 h6 19. Bxh6 d5 20. Bg5
c6 21. e5 Nh5 22. Qf3 Nxe5 23. Qxh5 f6 24. Bc2 g6 25. Bxg6 Qe7 26. fxe5
fxg5 27. e6 Rf4 28. Bf7+ Kg7 29. Qg6+ 1-0

[Event "WCh w Blitz Final"]
[Site "Moscow RUS"]
[Date "2010.09.18"]
[Round "23"]
[White "Muzychuk,M"]
[Black "Nebolsina,V"]
[Result "1-0"]
[WhiteElo "2464"]
[BlackElo "2360"]
[EventDate "2010.09.17"]

1. e4 e5 2. Nf3 Nf6 3. d4 Nxe4 4. dxe5 Bc5 5. Qd5 Nxf2 6. Qxc5 Nxh1 7. Bg5
f6 8. exf6 gxf6 9. Qd4 O-O 10. Bh6 Re8+ 11. Kd2 d5 12. Bd3 Nc6 13. Qh4 Qe7
14. Nc3 Be6 15. Rxh1 Nb4 16. Re1 Nxd3 17. cxd3 Qf7 18. Re3 c5 19. d4 Bf5
20. dxc5 Rxe3 21. Bxe3 Bg6 22. Qd4 Rd8 23. Nb5 b6 24. c6 a6 25. c7 Rf8 26.
Nc3 Qxc7 27. Qxd5+ Kh8 28. Nd4 Qxh2 29. Qf3 Qe5 30. Qf4 Qh5 31. Nf3 Rd8+
32. Bd4 Qf5 33. Qxf5 Bxf5 34. Ke3 Kg7 35. Bxb6 Re8+ 36. Kf4 Bg6 37. Bd4 Kf7
38. Nd5 Re2 39. Kg3 Bb1 40. a3 f5 41. Nc7 Rc2 42. Nxa6 Ba2 43. Nc5 Bc4 44.
Ne5+ 1-0

[Event "WCh w Blitz Final"]
[Site "Moscow RUS"]
[Date "2010.09.18"]
[Round "23"]
[White "Gaponenko,I"]
[Black "Gunina,V"]
[Result "0-1"]
[WhiteElo "2469"]
[BlackElo "2465"]
[EventDate "2010.09.17"]

1. e4 c6 2. d4 d5 3. exd5 cxd5 4. c4 Nf6 5. Nc3 g6 6. Qb3 Bg7 7. cxd5 O-O
8. Be2 Na6 9. Bf3 Nc7 10. Nge2 Rb8 11. Bf4 b5 12. Rc1 Rb7 13. d6 exd6 14.
Bxb7 Bxb7 15. O-O a6 16. a4 Qd7 17. axb5 axb5 18. Bg3 h5 19. Rfe1 Bh6 20.
Rcd1 Qc6 21. d5 Qd7 22. Nd4 Rb8 23. Nc6 Re8 24. Rxe8+ Qxe8 25. Bxd6 Ncxd5
26. Nxd5 Nxd5 27. Qxd5 Bxc6 28. Qe5 Qd7 29. Re1 Bg7 30. Qe7 Qg4 31. Bg3
Bxb2 32. h3 Qc4 33. Qd8+ Kh7 34. Qc7 Qd5 35. f3 Bd4+ 36. Kh2 Bf6 37. h4 b4
38. Rc1 Bd7 39. Qb6 Bc3 40. Rb1 Qc4 41. Qb7 Bf5 42. Rc1 Qe6 43. Qb8 Qd7 44.
Qb6 Qd2 45. Qg1 Qd3 46. Qd1 Qxd1 47. Rxd1 b3 48. Bd6 b2 49. g4 hxg4 50.
fxg4 Bxg4 51. Rb1 Bf5 52. Rxb2 Bxb2 53. Kg3 Kh6 54. Bf4+ Kh5 55. Bg5 Be5+
56. Kf3 f6 57. Bc1 Kxh4 0-1

[Event "WCh w Blitz Final"]
[Site "Moscow RUS"]
[Date "2010.09.18"]
[Round "23"]
[White "Muzychuk,A"]
[Black "Zhukova,N"]
[Result "1-0"]
[WhiteElo "2535"]
[BlackElo "2499"]
[EventDate "2010.09.17"]

1. e4 Nf6 2. e5 Nd5 3. d4 d6 4. Nf3 g6 5. Bc4 Nb6 6. Bb3 Bg7 7. Ng5 e6 8.
Qf3 Qd7 9. Ne4 dxe5 10. Bg5 f5 11. Nf6+ Bxf6 12. Bxf6 e4 13. Qg3 O-O 14.
Bg5 Qxd4 15. Nc3 Nc6 16. h4 Qg7 17. Bf4 h6 18. O-O-O Kh7 19. Qe3 e5 20. Bh2
Nd4 21. g4 f4 22. Qxe4 Bxg4 23. Rdg1 Bf3 24. Qd3 e4 25. Qd2 Bxh1 26. Rxh1
Nf3 27. Qe2 Rae8 28. Nxe4 Nxh2 29. Rxh2 f3 30. Qd3 Qe5 31. Ng5+ Kg7 32.
Nxf3 Rxf3 33. Qxf3 Rf8 34. Qe3 Qxh2 35. Qe7+ Kh8 36. Qxf8+ 1-0

[Event "WCh w Blitz Final"]
[Site "Moscow RUS"]
[Date "2010.09.18"]
[Round "23"]
[White "Skripchenko,A"]
[Black "Kosintseva,T"]
[Result "1-0"]
[WhiteElo "2464"]
[BlackElo "2573"]
[EventDate "2010.09.17"]

1. e4 e5 2. Nf3 Nc6 3. Nc3 Nf6 4. d4 exd4 5. Nxd4 Bb4 6. Nxc6 bxc6 7. Bd3
d5 8. exd5 cxd5 9. O-O O-O 10. Bg5 c6 11. Qf3 h6 12. Bxf6 Qxf6 13. Qxf6
gxf6 14. Ne2 Rb8 15. Nd4 Rb6 16. Nf5 Bxf5 17. Bxf5 Bd6 18. b3 Re8 19. Rae1
Re5 20. Bd3 Bb4 21. Re2 Bc3 22. g3 c5 23. f4 Rxe2 24. Bxe2 Kf8 25. Bf3 d4
26. Be2 Re6 27. Bc4 Re3 28. Kg2 Ke7 29. Rf3 Re4 30. Bd3 Re6 31. Bc4 Re1 32.
Rf1 Re4 33. Bd3 Re6 34. Bc4 Rd6 35. Rf2 Kf8 36. Re2 a5 37. a4 Bb4 38. Kf3
Bc3 39. Kg4 Rd7 40. Kh5 Kg7 41. Re8 Bb4 42. Kg4 Bc3 43. Bb5 Rc7 44. Kf3 Bb4
45. Ke4 Bc3 46. Kd5 Bb4 47. Kd6 Ra7 48. Kc6 Ba3 49. Kb6 c4 50. Kxa7 d3 51.
cxd3 Bc5+ 52. Ka6 c3 53. Rc8 Bb4 54. d4 f5 55. Bd3 Kf6 56. Rc6+ Ke7 57. Kb5
1-0

[Event "WCh w Blitz Final"]
[Site "Moscow RUS"]
[Date "2010.09.18"]
[Round "23"]
[White "Krush,I"]
[Black "Koneru,H"]
[Result "0-1"]
[WhiteElo "2490"]
[BlackElo "2593"]
[EventDate "2010.09.17"]

1. d4 Nf6 2. c4 e6 3. Nc3 Bb4 4. Qc2 O-O 5. e4 d5 6. e5 Ne4 7. Bd3 c5 8.
Nge2 cxd4 9. Nxd4 Nd7 10. Bf4 Qh4 11. g3 Qh3 12. O-O-O Bxc3 13. bxc3 Nb6
14. Nf3 Qh5 15. Be2 f6 16. Ng5 Qg6 17. Nxe4 dxe4 18. exf6 Qxf6 19. Qxe4
Qxc3+ 20. Qc2 Qa1+ 21. Qb1 Qf6 22. Qb2 Qf7 23. Qe5 Bd7 24. Rd4 Rac8 25.
Rhd1 Ba4 26. R1d2 Nd5 27. Bg4 Rc6 28. Kb2 Nf6 29. Bf3 Rb6+ 30. Ka1 Qe7 31.
c5 Ra6 32. Qd6 Rxd6 33. Bxd6 Qf7 34. Bxf8 Qxf8 35. Rd8 Be8 36. c6 bxc6 37.
Bxc6 Qc5 0-1

[Event "WCh w Blitz Final"]
[Site "Moscow RUS"]
[Date "2010.09.18"]
[Round "24"]
[White "Kosintseva,N"]
[Black "Paikidze,N"]
[Result "1/2-1/2"]
[WhiteElo "2565"]
[BlackElo "2376"]
[EventDate "2010.09.17"]

1. e4 c6 2. d4 d5 3. e5 Bf5 4. Nd2 e6 5. Nb3 Nd7 6. Nf3 a6 7. Be3 Ne7 8.
Be2 Bg6 9. Nh4 Nf5 10. Nxf5 Bxf5 11. O-O Be7 12. f4 Bg6 13. Bd3 Bxd3 14.
Qxd3 g6 15. a4 O-O 16. a5 f5 17. c4 Rc8 18. Rac1 Bb4 19. Bd2 Bxd2 20. Qxd2
Qe7 21. Rf3 b5 22. axb6 dxc4 23. Na5 Nxb6 24. Nxc4 Nd5 25. Nd6 Rc7 26. Ra3
Ra8 27. g3 Qd8 28. Qd3 Nb4 29. Qc4 Nd5 30. Rxa6 Rxa6 31. Qxa6 Qb8 32. Rxc6
Rxc6 33. Qxc6 Qxb2 34. Qe8+ Kg7 35. Qxe6 Qxd4+ 36. Kg2 Qd2+ 37. Kh3 Nxf4+
38. gxf4 Qe3+ 39. Kg2 Qe2+ 40. Kg1 Qe1+ 41. Kg2 Qe2+ 42. Kg3 Qe3+ 43. Kg2
Qe2+ 44. Kg1 Qe1+ 1/2-1/2